Návrh opatrení na zlepšenie personálneho marketingu v spoločnosti IAC Group (Slovakia) s.r.o. s využitím nástrojov digitálneho marketingu

Saved in:
Bibliographic Details
Main Author: Bajkai, Stella Katarína (Author)
Other Authors: Stareček, Augustín (Thesis advisor)
Format: Manuscript Book
Language:Slovak
Published: 2025
Subjects:
Online Access:http://is.stuba.sk/zp/portal_zp.pl?podrobnosti=176862
Tags: Add Tag
No Tags, Be the first to tag this record!

MARC

LEADER 00000ntm a22000003a 4500
001 stuzp104218
003 SK-STU
005 20250628211327.1
007 ta
008 150427s2015----xo-----f-mn---000-0-slo-d
040 |a STU  |b slo 
041 0 |a slo 
100 1 |a Bajkai, Stella Katarína  |u 064000  |4 aut  |U MTF Materiálovotechnologická fakulta  |T MTF Ústav priemyselného inžinierstva a manažmentu  |X 121923  |U M4000  |Y 84  |7 121923 
242 0 1 |a Proposal for measures to improve the personnel marketing in the company IAC Group (Slovakia) s.r.o. using digital marketing tools  |y eng 
245 1 0 |a Návrh opatrení na zlepšenie personálneho marketingu v spoločnosti IAC Group (Slovakia) s.r.o. s využitím nástrojov digitálneho marketingu 
260 |c 2025 
650 4 |a personálny marketing  |2 slo 
650 4 |a digitálny marketing  |2 slo 
650 4 |a online marketing  |2 slo 
650 4 |a nábor zamestnancov  |2 slo 
650 4 |a sociálne siete  |2 slo 
650 4 |a personnel marketing  |2 eng 
650 4 |a social media  |2 eng 
650 4 |a digital marketing  |2 eng 
650 4 |a online marketing  |2 eng 
650 4 |a recruitment  |2 eng 
700 1 |a Stareček, Augustín  |u 064000  |k Z2  |4 ths  |U MTF Materiálovotechnologická fakulta  |T MTF Ústav priemyselného inžinierstva a manažmentu  |X 45682  |U M4000  |Y 84  |7 A000045682 
856 4 |u http://is.stuba.sk/zp/portal_zp.pl?podrobnosti=176862 
996 |c M* BP-9870  |l MMSKP  |s P  |a 0  |w stuzp104218_0001